Normal view
MARC view
Entry Geographic Name
001 - CONTROL NUMBER
- control field: 22122
003 - CONTROL NUMBER IDENTIFIER
- control field: ARRUPE
005 - DATE AND TIME OF LATEST TRANSACTION
- control field: 20160209121637.0
008 - FIXED-LENGTH DATA ELEMENTS
- fixed length control field: 160209|| aca||aabn | a|a d
040 ## - CATALOGING SOURCE
- Original cataloging agency: ARRUPE
- Transcribing agency: ARRUPE
151 ## - HEADING--GEOGRAPHIC NAME
- Geographic name: Great Britain
- General subdivision: Politics and government
- Chronological subdivision: 1837-1901.
670 ## - SOURCE DATA FOUND
- Source citation: Work cat.: (ARRUPE)0: West, Algernon, Sir, 1832-1921. 22120, Recollections, 1832 to 1886,, 1899.